La carrière de Neymar - Statistiques

Statistiques générales
  • Ce quiz a été pris 1 138 fois
    361 depuis la dernière actualisation
  • Le résultat moyen est 4 sur 5
Statistiques - réponses
Année Match But Club % Correct
2009 - 2013 220 134 Santos FC
98%
2013 - 2017 186 105 FC Barcelone
95%
2017 - 2023 173 118 Paris Saint Germain
92%
2025 - actuel 28 11 Santos FC
68%
2023 - 2025 7 1 Al-Hilal SFC
63%
Aucun quiz correspondant
Distribution des résultats
% des personnes avec chaque résultat
Percentile par nombre de réponses
Votre historique - résultats
Vous n’avez pas pris ce quiz depuis la dernière actualisation